000 00256nam a2200097Ia 4500
001 724356
005 20250826163349.0
008 250824s9999 xx 000 0 und d
245 0 _aNEREDEN NEREYE BULUŞLAR
_cANNA CLAYBOURNE
260 _bGENÇ TİMAŞ YAYINLARI
999 _c724356
_d724356